| Tag |
First Indicator |
Second Indicator |
Subfields |
| LEADER |
00000cam a2200000Mi 4500 |
| 001 |
in00004801913 |
| 006 |
m o d |
| 007 |
cr cn||||||||| |
| 008 |
240606s2024 enka ob 001 0 eng d |
| 005 |
20250226220123.4 |
| 019 |
|
|
|a 1428421610
|
| 020 |
|
|
|a 9781009253956
|q (electronic bk.)
|
| 020 |
|
|
|a 1009253956
|q (electronic bk.)
|
| 020 |
|
|
|z 9781009254007
|
| 020 |
|
|
|z 1009254006
|
| 020 |
|
|
|z 9781009253970
|
| 020 |
|
|
|z 1009253972
|
| 020 |
|
|
|a 9781009253994
|
| 020 |
|
|
|a 1009253999
|
| 035 |
|
|
|a (OCoLC)on1436905450
|
| 035 |
|
|
|a (OCoLC)1436905450
|z (OCoLC)1428421610
|
| 040 |
|
|
|a YDX
|b eng
|c YDX
|d N$T
|d OCLCO
|d N$T
|d OCLCO
|d OCLKB
|d EBLCP
|d OCLCQ
|d CAMBR
|d OCLCQ
|d UKAHL
|
| 060 |
|
4 |
|a WA 590
|b P477e 2024eb
|
| 100 |
1 |
|
|a Petcoff, Omonpee W.,
|e author.
|
| 245 |
1 |
0 |
|a Emoji in higher education :
|b a healthcare-based perspective /
|c Omonpee W. Petcoff, Janice C. Palaganas, Marcel Danesi.
|
| 264 |
|
1 |
|a Cambridge, United Kingdom :
|b Cambridge University Press,
|c [2024]
|
| 264 |
|
4 |
|c ©2024
|
| 300 |
|
|
|a 1 online resource :
|b illustrations
|
| 336 |
|
|
|a text
|b txt
|2 rdacontent
|
| 337 |
|
|
|a computer
|b c
|2 rdamedia
|
| 338 |
|
|
|a online resource
|b cr
|2 rdacarrier
|
| 504 |
|
|
|a Includes bibliographical references and index.
|
| 505 |
0 |
|
|a The Emoji phenomenon reviewed -- Emoji literacy as a teaching tool -- Emoji in healthcare communications and education -- A mixed methods study -- Emoji across the healthcare landscape -- Emoji in general education -- Implications and applications.
|
| 520 |
|
|
|a Presenting the findings of a study of emoji use in health profession courses, this book explores emoji literacy across a range of public health education contexts.
|
| 650 |
|
0 |
|a Communication in public health.
|
| 650 |
|
0 |
|a Emojis.
|
| 650 |
|
0 |
|a Communication in medicine.
|
| 650 |
|
0 |
|a Physician and patient.
|
| 650 |
|
0 |
|a Nonverbal communication.
|
| 650 |
|
0 |
|a Symbolism in communication.
|
| 650 |
|
2 |
|a Physician-Patient Relations.
|
| 650 |
|
2 |
|a Nonverbal Communication.
|
| 700 |
1 |
|
|a Palaganas, Janice C.,
|e author.
|
| 700 |
1 |
|
|a Danesi, Marcel,
|d 1946-
|e author.
|1 https://id.oclc.org/worldcat/entity/E39PBJdh4B3cVKDR6mJjkThj4q
|
| 856 |
4 |
0 |
|u https://ebookcentral.proquest.com/lib/tamum-ebooks/detail.action?docID=31357437
|z Connect to the full text of this electronic book
|t 0
|
| 948 |
|
|
|h HELD BY TMV - 111 OTHER HOLDINGS
|
| 994 |
|
|
|a Z0
|b TMV
|
| 999 |
f |
f |
|s 999fdaa3-2d24-49bb-a745-f27c61355aaf
|i 3113b972-6804-4315-9465-7656e92755fc
|t 0
|
| 952 |
f |
f |
|a Texas A&M University
|b College Station
|c Electronic Resources
|d Available Online
|t 0
|e WA 590 P477e 2024eb
|h National Library of Medicine classification
|
| 998 |
f |
f |
|a WA 590 P477e 2024eb
|t 0
|l Available Online
|